000 004380000a22001810004500
003 MACL
005 20150902125601.0
008 150902b xxu||||| |||| 00| 0 eng d
040 _aMACL
_cMACL
041 _aEnglish
082 _a821/MIT
100 _aMitra, Sandip
_98525
245 _aForty One Moons
_bPoems
260 _bSalasar Imaging Systems
_c2009
_aKolkata
350 _a395
650 _aDrama
_966
942 _cBK
_k821/MIT
_2ddc
999 _c41841
_d41841